000 00976cab a2200337 4500
001 ABS67507
008 040227n2004 000 0 eng u
035 _a(Sirsi) u125245
245 _aRegional survey: Surrey (Including London boroughs south)
260 _c2004
490 _aProperty Week
_v69(8) 20 February 2004, 49-66(12)
590 _aABS
650 _aSURREY
650 _aLONDON BOROUGHS SOUTH
650 _aGUILDFORD
650 _aKINGSTON
650 _aCAMBERLEY
650 _aDORKING
650 _aEPSOM
650 _aLEATHERHEAD
650 _aSUTTON
650 _aWOKING
650 _aMITCHAM
650 _aCROYDON
650 _aRICHMOND-UPON-THAMES
650 _aINDUSTRIAL MARKET
650 _aPROPERTY-COMMERCIAL PROPERTY-RETAIL PROPERTY-RETAIL PROPERTY MARKET
650 _aPROPERTY-COMMERCIAL PROPERTY-OFFICE PROPERTY-OFFICE PROPERTY MARKET
690 _aPROPERTY-COMMERCIAL PROPERTY-COMMERCIAL PROPERTY MARKET
942 _n0
999 _c74176
_d74176